Effects of Real Exchange Rate on Foreign Direct Investment by Using Gravity Model in Latin America and Caribbean

Analýza problematiky reálnych výmenných kurzov a ich vplyv na priame zahraničné investície pomocou gravitačného modelu PZI. Kritická analýza predchádzajúcich štúdií, ktoré realizovali výskum determinantov priamych zahraničných investícií v Latinskej Amerike a Karibilku.

Guardado en:
Detalles Bibliográficos
Autor principal: Kocúrek, Martin, 1990-
Formato: Capítulo de libro
Lenguaje:inglés
Materias:
Etiquetas: Agregar Etiqueta
Sin Etiquetas, Sea el primero en etiquetar este registro!

MARC

LEADER 00000nla a2200000 4500
001 0240871
005 20240502073924.4
041 0 |a eng 
044 |a SK 
245 1 0 |a Effects of Real Exchange Rate on Foreign Direct Investment by Using Gravity Model in Latin America and Caribbean  |c Martin Kocúrek 
520 |a Analýza problematiky reálnych výmenných kurzov a ich vplyv na priame zahraničné investície pomocou gravitačného modelu PZI. Kritická analýza predchádzajúcich štúdií, ktoré realizovali výskum determinantov priamych zahraničných investícií v Latinskej Amerike a Karibilku. 
610 2 0 |a kurz výmenný 
610 2 0 |a investície zahraničné 
610 2 0 |a Latinská Amerika 
610 2 0 |a Karibská oblasť 
100 1 |a Kocúrek, Martin, 1990-